| 000 | 01665cam a22002413a 4500 | ||
|---|---|---|---|
| 001 | 15794 | ||
| 003 | PGUSA | ||
| 005 | 20140828083334.0 | ||
| 008 | 050507s2005||||xxu|||||s|||||000 p eng d | ||
| 040 |
_aPGUSA _beng |
||
| 042 | _adc | ||
| 050 | 4 | _aPS | |
| 100 | 1 |
_aMorley, Christopher, _d1890-1957 |
|
| 245 | 1 | 0 |
_aPlum Pudding : _bOf Divers Ingredients, Discreetly Blended and Seasoned _h[electronic resource] / _cChristopher Morley |
| 260 |
_bProject Gutenberg, _c2005 |
||
| 505 | 0 | _aThe perfect reader -- The autogenesis of a poet -- The old reliable -- In memoriam, Francis Barton Gummere -- Adventures at lunch time -- Secret transactions of the Three Hours for Lunch Club -- Initiation -- Creed of the Three Hours for Lunch Club -- A preface to the profession of journalism -- Fulton Street, and Walt Whitman -- McSorley's -- A portrait -- Going to Philadelphia -- Our tricolor tie -- The club of abandoned husbands -- West Broadway -- The rudeness of poets -- 1100 words -- Some inns -- The club in Hoboken -- The club at its worst -- A suburban sentimentalist -- Gissing -- A dialogue -- At the Gasthof zum Ochsen -- Mr. Conrad's new preface -- The little house -- Tadpoles -- Magic in Salamis -- Consider the commuter -- The permanence of poetry -- Books of the sea -- Fallacious meditations on criticism -- Letting out the furnace -- By the fireplace -- A city note-book -- Thoughts in the subway -- Dempsey vs. Carpentier -- A letter to a sea captain. | |
| 506 | _aPublic domain in the USA. | ||
| 516 | _aElectronic text | ||
| 653 | _aEssays | ||
| 830 | 0 |
_aProject Gutenberg _v15794 |
|
| 856 | 4 | 0 | _uhttp://www.gutenberg.org/ebooks/15794 |
| 942 | _cEB | ||
| 999 |
_c245049 _d245049 |
||